| 000 | 01293cam a2200373 i 4500 | ||
|---|---|---|---|
| 001 | 768714001 | ||
| 003 | CO-MdFUSB | ||
| 005 | 20220706123118.0 | ||
| 007 | ta | ||
| 008 | 790620t1976 txuc b 001 0 eng | ||
| 010 | _a76029604 | ||
| 020 | _a0912646594 | ||
| 020 | _a9780912646596 | ||
| 040 |
_aDLC _beng _cCO-MdFUSB _dMUQ _dBAKER _dNLGGC _dBTCTA _dYDXCP _dBUF _dGEBAY _dDEBBG _dOCLCO _dOCLCF _dTLE _dOCLCA _dOCLCQ _dUBY _dOCL _dLMR _erda |
||
| 041 | _aeng | ||
| 082 |
_223 _a401.41 _bR541 |
||
| 100 | 1 |
_aRicœur, Paul. _eautor |
|
| 245 | 1 | 0 |
_aInterpretation theory : _bdiscourse and the surplus of meaning / _cPaul Ricoeur. |
| 264 | 1 |
_aFort Worth : _bTexas Christian University Press, _c[1976] |
|
| 264 | 4 | _c© 1976 | |
| 300 |
_axii, 107 páginas : _bretratos ; _c24 cm. |
||
| 336 |
_atexto _btxt _2rdacontent. |
||
| 337 |
_asin mediación _bn _2rdamedia. |
||
| 338 |
_avolumen _bnc _2rdacarrier. |
||
| 504 | _aIncluye referencias bibliográficas e indice. | ||
| 505 | _aEl lenguaje como discurso. -- Hablando y escribiendo. -- Metáfora y símbolo. -- Explicación y comprensión | ||
| 650 | 7 |
_aAnálisis del discurso narrativo _9413 |
|
| 653 | _aSignificado (Filosofía) | ||
| 653 | _aLenguas | ||
| 942 | _cBK | ||
| 945 | _aJTF-925 | ||
| 999 |
_c67133 _d67133 |
||